Statistics for Countries, US States, Capitals, Elements, 100 Most Common Words: A ≈ B + C #6

Click here to take the quiz!

General Stats

  • This quiz has been taken 43 times
  • The average score is 49 of 80

Answer Stats

ANSWER % Correct
Slovakia
94%
{ki}e{V}
94%
{}k{ieV}
94%
{}{S}{l}{o}{v}{a}{k}{i}{a}
94%
{o}m{An}
88%
{}{S}{l}{o}{v}{e}{n}{i}{a}
88%
{alSo}
88%
{oMan}
88%
Slovenia
88%
{alSo}
88%
{Come}
82%
{Ch}a{d}
82%
{c}h{aD}
82%
{}{C}{a}{m}{e}{r}{o}{o}{n}
79%
{th}i{S}
79%
Cameroon
79%
{li}m{A}
79%
Madagascar
76%
{}{M}{a}{d}{a}{g}{a}{s}{c}{a}{r}
76%
New Delhi
76%
{}{N}{e}{w}{ }{D}{e}{l}{h}{i}
76%
{Take}
73%
{D}i{li}
73%
Thailand
73%
{}{T}{h}{a}{i}{l}{a}{n}{d}
73%
Tashkent
73%
{}{T}{a}{s}{h}{k}{e}{n}{t}
73%
{In}d{ia}
70%
{t}u{nIs}
70%
{t}u{nIs}
70%
{tun}i{S}
70%
{In}d{ia}
70%
{Sam}o{a}
67%
{Than}
67%
{}j{uBa}
67%
{iRon}
67%
{}f{ranCe}
67%
{iRon}
67%
{wheN}
67%
{}f{Rom}
64%
{asMara}
64%
{Laos}
64%
Vientiane
64%
{}{V}{i}{e}{n}{t}{i}{a}{n}{e}
64%
{eVen}
61%
{moSt}
61%
{Know}
61%
{Apia}
58%
{utaH}
55%
{doHa}
55%
{Oregon}
55%
Minnesota
52%
Kingstown
52%
{}{K}{i}{n}{g}{s}{t}{o}{w}{n}
52%
{}{M}{i}{n}{n}{e}{s}{o}{t}{a}
52%
{iRel}a{nd}
48%
{g}o{oD}
48%
{Burm}a{}
48%
{}{R}{h}{o}{d}{e}{ }{I}{s}{l}{a}{n}{d}
45%
{}{R}{i}{c}{h}{m}{o}{n}{d}
45%
{}{S}{a}{n}{ }{M}{a}{r}{i}{n}{o}
45%
{liKe}
45%
San Marino
45%
Rhode Island
45%
Richmond
45%
Saint Paul
42%
{}{S}{a}{i}{n}{t}{ }{P}{a}{u}{l}
42%
{cairO}
42%
Khartoum
36%
{}{K}{h}{a}{r}{t}{o}{u}{m}
36%
{}{B}{e}{r}{k}{e}{l}{i}{u}{m}
36%
{}{B}{a}{t}{o}{n}{ }{R}{o}{u}{g}{e}
36%
Sacramento
36%
Baton Rouge
36%
{}{S}{a}{c}{r}{a}{m}{e}{n}{t}{o}
36%
Berkelium
36%
{}{P}{o}{d}{g}{o}{r}{i}{c}{a}
33%
Podgorica
33%
{}{L}{o}{u}{i}{s}{i}{a}{n}{a}
27%
Louisiana
27%

Score Distribution

Percentile by Number Answered

Percent of People with Each Score

Your Score History

You have not taken this quiz